000 00286nam a22000977a 4500
008 240220b |||||||| |||| 00| 0 eng d
082 _aDG
_bVEGW
100 1 0 _ade Luque Batuecas, Samuel
_eautor
_943459
245 _aWigett:
_by el mundo de trotuman /
_cSamuel de Luque Batuecas
942 _2ddc
999 _c30648
_d17032